Statistics for Countries Bordering Switzerland

Click here to take the quiz!

General Stats

  • This quiz has been taken 73 times
  • The average score is 5 of 5

Answer Stats

LengthCountry% Correct
347 kmGermany
100%
782 kmItaly
100%
180 kmAustria
99%
41 kmLiechtenstein
97%
585 kmFrance
96%

Score Distribution

Percentile by Number Answered

Percent of People with Each Score

Your Score History

You have not taken this quiz